[Event "MPL 47th National Women Chess-ch 2022"]
[Site "Odisha"]
[Date "2022.03.02"]
[Round "9.3"]
[White "Arpita, Mukherjee"]
[Black "Chitlange Sakshi"]
[Result "0-1"]
[WhiteElo "2260"]
[BlackElo "2205"]
[Annotator "TA"]
[PlyCount "94"]
[EventDate "2022.02.25"]
[EventCountry "IND"]
[SourceTitle "playchess.com"]
[Source "ChessBase"]
[SourceQuality "1"]

{[%evp 20,94,0,0,8,0,0,7,2,9,25,19,27,8,17,0,14,17,13,6,35,0,0,-7,-11,-11,-9,-8,-12,-10,-11,-12,-12,-33,-10,-9,-10,-21,-12,-15,-12,-19,-21,-21,-27,-40,0,0,0,0,8,8,8,8,8,8,86,8,8,8,11,-29982,-29983,-29983,-29984,-29984,-29984,-29984,-29985,-29987,-29988,-29988,-29989,-29991,-29992,-29992,-29991]} 1. e4 e6 2. d4 d5 3. Nd2 c5 4. Ngf3 cxd4 5. exd5 Qxd5 6. Bc4 Qd6 7. O-O Nf6 8. Nb3 Nc6 9. Nbxd4 Nxd4 10. Qxd4 Qxd4 11. Nxd4 {With the idea Nb5.} Bc5 {C07: French Tarrasch: 3...c5, 4 Ngf3 and 4 exd5 Qxd5.} 12. Nb3 {[%cal Bd4b3,Bb3d2,Bd2c4][%mdl 32]} Bb6 13. a4 a5 {The position is equal.} 14. Be2 {[#]} e5 $146 ({Predecessor:} 14... O-O 15. Bf4 Bd7 16. Bf3 Rac8 17. Rfc1 Bc6 18. Be3 Bxe3 19. fxe3 b6 20. Nd4 Bd5 {½-½ (58) Stojanovic,D (2514)-Sebenik,M (2519) Sarajevo 2013}) 15. Nd2 O-O 16. Nc4 {[%csl LRb6,LRe5]} Bc7 17. Be3 Nd5 {Prevents Bb6.} 18. Bf3 Be6 19. Rfd1 Rad8 20. Bxd5 (20. Bc5 $5 {[%cal Rc5f8]}) 20... Bxd5 21. Bb6 Bxb6 22. Nxb6 Be6 23. f3 f6 24. Kf2 Kf7 25. Ke3 Ke7 26. c3 {[%cal Bc2c3,Bc3b4][%mdl 32]} Rd6 27. Rxd6 Kxd6 $11 {[%mdl 4096] Endgame KRB-KRN} 28. b4 axb4 29. cxb4 Kc6 30. Rd1 Re8 31. a5 Kb5 32. Nd5 {[#] Strongly threatening Nc7+.} Bxd5 33. Rxd5+ Kxb4 $15 {KR-KR} 34. Rd7 {[%csl LRb7,LRg7] Prevents Re7.} Rg8 35. Rxb7+ Kxa5 36. Ke4 {Threatening Kf5.} Ka6 $1 37. Re7 {Black should prevent Kd5.} h5 {[#]} (37... Kb5 $11 {keeps the balance.}) 38. Kf5 (38. f4 $1 $16) 38... Kb6 $11 39. Kg6 {[%csl LRg7,LRh5] Threatens to win with Kh7.} Kc6 40. Rxg7 $2 {[%mdl 8192] Now White is beyond hope.} (40. h3 $11) 40... Rxg7+ {Black mates.} 41. Kxg7 {K3P-K3P} f5 42. h4 e4 43. fxe4 fxe4 44. Kg6 e3 45. Kxh5 e2 46. g4 e1=Q 47. Kg5 Kd7 {Weighted Error Value: White=0.29 (precise) /Black=0.09 (flawless)} 0-1

[Event "MPL 47th National Women Chess-ch 2022"]
[Site "Odisha"]
[Date "2022.03.02"]
[Round "9.4"]
[White "Srija, Seshadri"]
[Black "Sharma Isha"]
[Result "1-0"]
[WhiteElo "2219"]
[BlackElo "2253"]
[Annotator "TA"]
[PlyCount "95"]
[EventDate "2022.02.25"]
[EventCountry "IND"]
[SourceTitle "playchess.com"]
[Source "ChessBase"]
[SourceQuality "1"]

{[%evp 15,95,24,41,29,34,14,69,73,62,-60,-56,-69,48,40,110,103,115,101,208,194,270,150,136,141,144,129,164,153,142,142,139,137,151,147,162,128,150,149,159,158,134,131,237,233,234,233,225,234,228,222,220,189,522,514,571,586,585,575,559,550,620,613,720,689,809,800,790,772,745,716,1088,659,1085,1047,5389,800,29984,29984,29987,29988,29988,29986]} 1. e4 e5 2. Nf3 Nc6 3. Bc4 Bc5 4. c3 Nf6 5. d3 O-O 6. O-O d5 7. exd5 Nxd5 8. Re1 Bg4 9. h3 {9.Nbd2 is more fashionable. C54: Giuoco Piano: 4 c3 Nf6, main lines with 5 d4 and 5 d3.} Bh5 10. b4 Bxf3 (10... Bb6 $11) 11. Qxf3 $14 {White is slightly better.} Ndxb4 12. cxb4 (12. Na3 $1 $14) 12... Bd4 $1 $15 13. Nd2 {[#]} e4 $146 (13... Bxa1 $15 14. Ne4 Nd4) ({Predecessor:} 13... Bxa1 14. Ne4 Nd4 15. Qh5 g6 16. Qd1 Kg7 17. b5 f5 18. Bg5 Qe8 19. Qxa1 Nc2 {0-1 (40) Buchenau,F (2275)-Ploder,U (1874) Lueneburg 2018}) 14. Nxe4 $14 Bxa1 (14... Ne5 $1 $14 15. Qg3 (15. Qf5 Nxc4 16. Rb1 Nb6 $11) 15... Nxc4) 15. Bg5 $36 {[%mdl 2048] White is on the roll. White is much more active. Black has bad knights.} Qd4 16. Be3 {This bishop pair is nice.} Qb2 (16... Qe5 $16) 17. Qd1 $18 Nxb4 (17... Rad8 $142 18. Bg5 (18. Qxa1 Qxa1 19. Rxa1 Ne5 $16) 18... Rde8 19. Qxa1 Qxa1 20. Rxa1 Ne5) 18. Qxa1 ({White must play} 18. Bc5 $1 $18) 18... Qxa1 $16 19. Rxa1 {And now Bc5 would win.} Nc2 20. Rf1 {Bc5 is the strong threat.} Nxe3 21. fxe3 {[%cal Bf2e3,Be3e4,Be4e5,Be5e6][%mdl 32]} Rad8 22. Ng5 {[%cal Rg5f7]} Rd7 23. e4 h6 24. Nf3 {Hoping for Ne5.} Re7 {To avoid Ne5} 25. Nh4 {aiming for Ng6.} Kh7 {Inhibits Ng6.} 26. d4 {[%cal Bd3d4,Bd4d5][%mdl 32]} g6 27. e5 Kg7 {[%cal Oc7c5]} 28. e6 f5 (28... b5 $16 {keeps fighting.}) 29. d5 Rd8 30. Rf3 $1 {Strongly threatening Rg3.} Kf6 {[#]} 31. g4 $1 c6 32. gxf5 cxd5 33. Bd3 g5 (33... gxf5 34. Nxf5 Rc7) 34. Ng6 $18 Rc7 35. Re3 Re8 36. Ne5 Ke7 37. Bb5 Rec8 38. Nd7 Rc1+ 39. Kg2 R1c2+ 40. Kf3 {Black must now prevent f6+.} d4 41. f6+ Kd6 42. Re1 R8c3+ 43. Ke4 {Threatens to win with e7.} Rf2 {[%csl Gg5][%cal Rf2f4]} 44. Kxd4 Rxh3 45. Bd3 (45. e7 $142 Rf4+ 46. Re4 Rxe4+ 47. Kxe4 Rh4+ 48. Ke3 a6 {[#]} 49. e8=Q $1 axb5 50. Qe7+ Kd5 51. f7) 45... Rd2 46. Nc5 {White mates.} Rh4+ 47. Kc3 Rxa2 {[#]} 48. e7 $1 {Weighted Error Value: White=0.33/Black=0.56} 1-0

[Event "MPL 47th National Women Chess-ch 2022"]
[Site "Odisha"]
[Date "2022.03.02"]
[Round "9.5"]
[White "Pratyusha, Bodda"]
[Black "Vaishali R"]
[Result "0-1"]
[WhiteElo "2328"]
[BlackElo "2403"]
[Annotator "TA"]
[PlyCount "48"]
[EventDate "2022.02.25"]
[EventCountry "IND"]
[SourceTitle "playchess.com"]
[Source "ChessBase"]
[SourceQuality "1"]

{[%evp 9,48,0,0,0,0,0,0,0,0,0,0,0,3,-29,-39,-63,-57,-116,-109,-230,-218,-275,-275,-264,-258,-427,-281,-413,-412,-395,-361,-512,-412,-913,-767,-29990,-29991,-29993,-29994,-29994,-1008]} 1. d4 Nf6 2. Bf4 g6 3. Nc3 d5 4. e3 Bg7 5. h4 h5 6. Nf3 {A45: Trompowsky Attack.} O-O {[%cal Oc7c5]} 7. Ne5 c5 8. Qd2 {The position is equal.} cxd4 9. exd4 Nc6 10. f3 {To avoid Ng4} Bf5 11. a3 {[#]} Nd7 $146 {[%cal Rd7e5]} ({Predecessor:} 11... Rc8 12. Bd3 Nxd4 13. Bxf5 Nxf5 14. g4 Nd6 15. Bh6 d4 16. Ne2 Bxh6 17. Qxh6 Qa5+ 18. b4 Qxe5 19. f4 Qe3 20. Rd1 Nxg4 {0-1 (20) Zia,T (2232)-Gabrielian,A (2464) Chess.com INT 2021}) 12. Nxc6 bxc6 13. g4 (13. O-O-O $15) 13... hxg4 $17 14. h5 {This move loses the game for White.} (14. fxg4 $17 {is a better defense.} Bxg4 15. Be2 Bxe2 16. Nxe2) 14... e5 $19 15. dxe5 Nxe5 ({Worse is} 15... Bxe5 16. O-O-O $17) 16. Bxe5 Bxe5 17. O-O-O $2 {[#]} (17. fxg4 {might work better.} Bxg4 18. Be2) 17... Rb8 ({But not} 17... gxf3 $2 18. Bd3 $19) 18. f4 (18. Re1 $142 Qc7 19. Rxe5 Qxe5 20. fxg4 Bxg4 21. hxg6) 18... Bg7 {A strong pair of Bishops.} ({Avoid the trap} 18... Qb6 $2 19. b4 Bg7 20. h6 $19) 19. hxg6 fxg6 20. Na4 (20. Re1 {was forced.}) 20... Qd6 {[%cal Ob8b2] aiming for ...Rxb2!} 21. Bg2 (21. Re1 $142) 21... Rf7 {[%cal Ob8b2] White must now prevent ...Rxb2!} 22. c4 {[#]} Qxa3 $3 {[%cal Ra3a1][%mdl 512] Black mates.} 23. Qa5 (23. Qc2 Rxb2) 23... Bxb2+ 24. Kd2 Qd3+ {Weighted Error Value: White=1.02/Black=0.22 (precise)} 0-1

[Event "MPL 47th National Women Chess-ch 2022"]
[Site "Odisha"]
[Date "2022.03.02"]
[Round "9.6"]
[White "Gomes, Mary Ann"]
[Black "Rakshitta Ravi"]
[Result "1-0"]
[WhiteElo "2361"]
[BlackElo "2278"]
[Annotator "TA"]
[PlyCount "67"]
[EventDate "2022.02.25"]
[EventCountry "IND"]
[SourceTitle "playchess.com"]
[Source "ChessBase"]
[SourceQuality "1"]

{[%evp 14,67,-11,-13,-3,-25,-9,-8,29,36,88,0,45,30,41,33,33,35,60,50,40,64,42,44,69,60,200,210,193,64,177,170,175,175,172,171,179,184,172,191,424,376,526,520,616,614,616,604,612,605,603,590,1030,990,889,841]} 1. Nf3 d5 2. g3 g6 3. c4 dxc4 4. Na3 Bg7 5. Nxc4 Nc6 6. Bg2 e5 7. d3 {7.0-0 is vanishing.} Nge7 8. O-O O-O {A20: English Opening: 1...e5.} 9. Bd2 $1 {The main line 9.Bd2 scores better than 9.Rb1.} Be6 10. Rc1 {[#]} Nf5 $146 {The position is equal.} ({Predecessor:} 10... a5 11. Bc3 f6 12. b3 Qd7 13. Nfd2 Rfd8 14. Ne4 b6 15. Bb2 Nd5 16. Nc3 Nce7 17. Nxd5 Bxd5 18. Bxd5+ Nxd5 {1-0 (40) Anand,V (2760)-Vachier Lagrave,M (2789) Stavanger 2018}) 11. Ng5 Bc8 ({Black should try} 11... Bd7 $14) 12. Ne4 {White is more active.} (12. Bxc6 $16 {aiming for Bg2.} bxc6 13. Na5) 12... Nfd4 (12... a5 $11) 13. b4 (13. e3 $5 {[%cal Re3d4]} Ne6 14. Bc3 $11) 13... Bg4 14. f3 Bc8 15. e3 f5 16. Nf2 Ne6 {[%cal Bd4e6,Be6g5,Bg5h3][%mdl 32]} 17. f4 exf4 18. gxf4 g5 19. fxg5 $1 f4 {[#]} (19... Nxg5 $14 20. Qh5 Be6) 20. Ne4 $1 $18 {[%cal Re3f4]} Nxg5 21. Rxf4 (21. exf4 $18 Nxe4 22. dxe4) 21... Rxf4 (21... Nh3+ $1 $14 22. Bxh3 Bxh3) 22. exf4 Nh3+ 23. Kh1 Qxd3 24. Qf1 Qxf1+ 25. Rxf1 {[#] f5 is the strong threat.} Nd4 26. Ne3 h6 $2 (26... Bd7 27. Nc5 Bb5) 27. Nd5 Kf7 28. f5 {[%cal Bf4f5,Bf5e6,Be6e7][%mdl 32] White is clearly winning.} Ng5 29. Bxg5 hxg5 30. Nxg5+ {Pair of Knights!} Kf8 31. Nxc7 Rb8 32. Nge6+ Bxe6 33. fxe6+ Kg8 34. e7 {Weighted Error Value: White=0.13 (very precise) /Black=0.42} 1-0

[Event "MPL 47th National Women Chess-ch 2022"]
[Site "Odisha"]
[Date "2022.03.02"]
[Round "9.7"]
[White "Priyanka, Kumari"]
[Black "Mohota, Nisha"]
[Result "1-0"]
[WhiteElo "1910"]
[BlackElo "2147"]
[Annotator "TA"]
[PlyCount "187"]
[EventDate "2022.02.25"]
[EventCountry "IND"]
[SourceTitle "playchess.com"]
[Source "ChessBase"]
[SourceQuality "1"]

{[%evp 13,187,30,45,39,72,15,47,36,35,20,39,0,18,0,37,13,13,20,33,0,14,0,-11,-15,-19,-107,-27,-41,-10,-28,0,0,0,0,0,0,0,-55,-63,-39,100,0,0,0,0,0,0,-2,-2,-81,-53,-81,-81,-81,-81,-81,-81,-81,-81,-81,-81,-81,-64,-64,-64,-64,-64,-64,-64,-64,0,-64,0,0,0,0,0,0,0,0,0,0,160,164,318,303,298,289,1088,1079,1064,1045,950,526,8163,9064,6621,1827,29967,29968,29965,29967,29952,6225,29968,29958,29971,29972,29968,29969,5073,1354,1340,1340,1333,1325,1318,1318,1304,606,599,592,1304,592,592,592,29974,29975,29981,29980,29980,29970,29981,29982,29981,29977,29979,29978,29978,29980,29981,29982,29982,29981,29984,29983,29983,29982,29982,29983,29984,29980,29980,29975,29987,29988,29988,29986,29986,29987,29988,29983,29983,29984,29985,29986,29987,29988,29988,29989,29989,29990,29991,29990,29992,5089]} 1. e4 d6 2. d4 Nf6 3. Nc3 e5 4. Nf3 Nbd7 5. Bc4 Be7 6. O-O c6 7. a4 Qc7 8. h3 {C41: Philidor Defence.} h6 9. dxe5 {[#] White is more active.} (9. Nh4 $16) 9... Nxe5 $146 ({Predecessor:} 9... d5 10. exf6 Bxf6 11. exd5 O-O 12. Ne4 cxd5 13. Bxd5 Bd8 14. Be3 Nb6 15. Bb3 Bf5 {1-0 (27) Gypser,A (2143)-Brunke,C (2146) Playchess.com INT 2020}) 10. Be2 {White is slightly better.} (10. Ba2 {is interesting.} O-O 11. Nd4 Re8 12. Re1 a6 13. Be3) 10... Nxf3+ 11. Bxf3 O-O 12. Ne2 Re8 13. c4 Bf8 14. Qc2 a5 15. b3 Nd7 16. Nd4 g6 17. Bb2 Bg7 18. Rfd1 Nc5 19. g4 (19. Rd2 $11 {remains equal.}) 19... Qe7 (19... h5 $1 $17 {And now ...Qe7 would win.} 20. Ne2 Be5) 20. Bg2 $1 $11 Be5 (20... Nxe4 21. Re1 d5 22. Rad1 $11) 21. Qd2 Qf6 {[%cal Oc5b3]} (21... Qg5 $5 {[%cal Rg5d2]} 22. Rab1 Qxd2 23. Rxd2 Bg7 $11) 22. Rab1 Qg5 23. Qxg5 hxg5 24. Bc1 f6 25. Be3 (25. Ba3 $11) 25... Kf7 $15 26. Nf3 Bc3 (26... Bf4 $15 {stays ahead.}) 27. Bxc5 ({Better is} 27. e5 $1 $16) 27... dxc5 $11 28. Rbc1 Be5 29. Nxe5+ fxe5 30. Rd2 Be6 31. Rcd1 {[#]} (31. Rc3 $11) 31... b5 $1 $17 32. axb5 cxb5 33. Bf1 a4 34. bxa4 bxa4 ({Of course not} 34... bxc4 $6 35. Ra1 $11) 35. Ra2 Reb8 36. Rc1 Rb3 37. Kg2 a3 38. Rca1 Rc3 39. f3 Ke7 40. Be2 Kd6 41. Kg3 Ke7 (41... Kc6 $15) 42. Kf2 (42. Kg2 $1 $11) 42... Bxc4 ({Black should try} 42... Kd7 $15) 43. Bxc4 $11 Rxc4 44. Rxa3 Rxa3 45. Rxa3 $15 {[%mdl 4096] Endgame KR-KR} Rc2+ 46. Ke3 c4 47. Ra6 Kd7 $2 {White now steadily converts the win.} (47... Kf7 $11) 48. Rxg6 $16 Rh2 $2 (48... Rc3+ {is a better defense.} 49. Ke2 Rc2+ 50. Kd1 Rf2) 49. Rxg5 $18 Kd6 50. Rg6+ Kc5 $2 (50... Kd7 51. Rb6 Ke7) 51. Re6 c3 52. Rxe5+ Kc4 53. Re8 Rxh3 54. Rc8+ Kb3 55. e5 (55. g5 $142 c2 56. g6) 55... Rh1 56. g5 c2 {[#]} 57. Rxc2 $3 {[%mdl 512]} Kxc2 {KR-K3P} 58. f4 Kc3 59. Ke4 Kc4 60. g6 Rg1 {[#]} 61. Kf5 $1 ({Stronger than} 61. f5 Re1+ 62. Kf3 (62. Kf4 Kd5 $15) 62... Kd5 $15) 61... Kd5 62. Kf6 (62. e6 $142 Rg2 63. e7) 62... Rf1 63. g7 Rxf4+ 64. Kg5 Kxe5 65. g8=Q {KQ-KR} Rf5+ 66. Kg4 Rf4+ 67. Kg3 {White threatens Qb8+ and mate.} Rf6 68. Qg5+ Ke6 69. Kg4 Kf7 70. Qd5+ {White mates.} Kg7 71. Qd4 Kg6 72. Qe4+ Kh6 73. Qe5 Kg6 74. Qh5+ Kg7 75. Kg5 Re6 76. Kf5 Rf6+ 77. Ke5 Rg6 78. Qf5 Kh8 79. Qf8+ Kh7 80. Kf4 Rg7 81. Qf5+ Kg8 82. Qe6+ Rf7+ 83. Kg5 Kh8 84. Qe5+ Kh7 85. Qe8 Kg7 86. Qd8 Kh7 87. Qc8 Rg7+ 88. Kh5 Rf7 89. Qc2+ Kg8 90. Kg6 Rg7+ 91. Kh6 Re7 92. Qf5 Rc7 93. Qg5+ Kf8 94. Qd8+ {Weighted Error Value: White=0.19 (very precise) /Black=0.47} 1-0

[Event "MPL 47th National Women Chess-ch 2022"]
[Site "Odisha"]
[Date "2022.03.02"]
[Round "9.8"]
[White "Parnali, S Dharia"]
[Black "Savitha Shri B"]
[Result "1-0"]
[WhiteElo "2224"]
[BlackElo "2257"]
[Annotator "TA"]
[PlyCount "121"]
[EventDate "2022.02.25"]
[EventCountry "IND"]
[SourceTitle "playchess.com"]
[Source "ChessBase"]
[SourceQuality "1"]

{[%evp 9,121,16,25,10,31,25,35,29,37,31,29,-10,0,0,0,-15,49,57,46,18,16,6,18,7,13,4,36,27,35,25,68,66,73,38,33,8,23,16,14,16,10,0,48,-6,0,0,0,0,0,0,14,6,6,12,114,93,120,87,692,0,0,0,105,-90,0,-41,0,0,229,0,0,4,8,4,4,0,37,0,7,2,23,17,99,12,20,0,13,13,52,50,354,16,16,31,64,31,1020,1020,1002,930,804,244,29973,29972,29971,29972,29981,29982,29982,29983,29992,29993,29996,29997]} 1. d4 Nf6 2. Nf3 g6 3. Nbd2 d5 4. b4 Bg7 5. e3 O-O 6. Bb2 {D02: 1 d4 d5 2 Nf3 sidelines, including 2...Nf6 3 g3 and 2...Nf6 3 Bf4.} Bf5 7. c4 Ne4 {[#]} 8. cxd5 $146 {White is slightly better.} ({Predecessor:} 8. Qb3 a5 9. a3 axb4 10. axb4 Rxa1+ 11. Bxa1 dxc4 12. Bxc4 Nd6 13. Be2 Nd7 14. O-O c6 15. d5 Bxa1 16. Rxa1 cxd5 17. Qxd5 Qb6 18. Qd4 Rc8 19. h3 Be6 {0-1 (19) Cyborowski,L (2548)-Sadzikowski,D (2448) Wroclaw 2013}) 8... Qxd5 9. Bc4 Qd6 10. Qb3 (10. a3 {is more complex.} a5 11. b5 Nd7 12. O-O Nb6 13. Be2) 10... Nxd2 11. Nxd2 Nc6 12. a3 e5 (12... a5 $1 $11) 13. d5 $14 Ne7 14. e4 Bd7 15. Be2 b5 {To avoid Nc4} 16. Rd1 c6 17. dxc6 Qxc6 (17... Be6 $5 {[%cal Re6b3]} 18. Qe3 Nxc6 $14) 18. Qg3 Rfe8 19. Nb3 (19. Bxe5 $2 Nf5 $1 {[%mdl 512]} 20. Qd3 Bxe5 $19) 19... Qc7 (19... a5 $11) 20. Nc5 Bc6 21. O-O {White is much more active. Black has bad knights.} (21. h4 {seems wilder.} Rad8 22. h5 Bxe4 23. Nxe4 Qc2 24. Nd6) 21... a5 22. Rd2 {[%cal Oa3a4]} Nc8 23. Rfd1 axb4 24. axb4 Nb6 25. h4 Na4 (25... Nc4 $11 {is more appropriate.}) 26. Qe3 (26. Nxa4 $1 $14 bxa4 27. b5 Bxe4 28. Qe3) 26... Nxc5 27. Qxc5 Bf8 {Inhibits Rd6.} 28. Qc3 {[%cal Oe2b5] Bxb5! is the strong threat.} Qb7 29. Qb3 Ra7 30. h5 Ra4 31. Bc3 Be7 (31... Qc7 $11) 32. hxg6 $16 (32. Bxe5 $6 Rxb4 33. Qh3 Rxe4 34. hxg6 fxg6 $11) 32... hxg6 33. Bxe5 Bg5 $2 {[%mdl 8192]} (33... Rxb4 $16 34. Qh3 Bh4) 34. f4 $2 (34. Rd5 Bxd5 35. Rxd5 Qe7 $14) (34. Bb2 $1 $18 Bf4 35. Rd8) 34... Rxe5 $1 $11 {[%mdl 64] Pin} 35. fxg5 {Hoping for Rd6.} Qb6+ (35... Rxg5 $2 36. Rd8+ Kg7 37. Qh3 $18) (35... Qa7+ $11 36. Kf1 Rxe4) 36. Kh1 $2 (36. Kf1 $1 $16 {is forced if you want to stay better. And now Rd6 would win.} Rxe4 37. Bf3) 36... Ra8 (36... Rxe4 $17 {( -> ...Rh4+)} 37. Bg4 (37. Rd8+ Be8 $17) 37... Ra8) 37. Qg3 (37. Rd6 $11 {should be considered.} Rxe4 38. Rxg6+ Kf8 39. Qh3 fxg6 40. Qh8+ Kf7 41. Qh7+ Kf8 42. Qh8+ Kf7 43. Qh7+ Kf8 44. Qh8+) 37... Rae8 (37... Rxe4 $15 38. Bf3 Kg7) 38. Rd6 {Black must now prevent Rc1.} Kg7 $2 (38... Rxe4 $11 {and Black is okay.} 39. Bf3 Rc4) 39. R1d4 $2 ({White has to play} 39. Bg4 $1 $18) 39... Rh8+ 40. Kg1 Rxe4 41. Qf2 {Dancing on a razor blade.} Rxd4 42. Rxd4 {aiming for Qf6+.} Be8 (42... Qc7 $2 43. Qf6+ Kg8 44. Rd8+ Qxd8 45. Qxd8+ $18) 43. Bg4 Rh4 {[%cal Oe8d7]} 44. g3 (44. Qxh4 $2 {too greedy.} Qxd4+ 45. Kh2 Qxb4 $19) 44... Rh7 45. Bf3 Kf8 (45... Qc7 $11) 46. Qe3 (46. Rh4 $16 Qxf2+ 47. Kxf2 Rxh4 48. gxh4) 46... Qa7 47. Re4 Qxe3+ 48. Rxe3 {[%mdl 4096] Endgame KRB-KRB} f6 49. gxf6 {Threatens to win with Rd3.} Rc7 $2 {[%mdl 8192] [#]} (49... Ra7 $1 $14) 50. Bd5 $2 (50. Rd3 $1 $18 {[%cal Rd3d8]}) 50... Bf7 51. Re5 Rc3 {To avoid Bf3} 52. Kf2 {Strongly threatening g4.} Be8 $2 {[%mdl 8192]} (52... Bxd5 $14 53. Rxd5 Kf7) 53. Re7 $18 Rd3 {[#]} 54. Be6 $1 Rd6 55. Kf3 $2 (55. Ke3 {Threatening mate with Kf4.} Bc6 56. Kf4 Rxe6 57. Rxe6 g5+ 58. Kxg5 Bg2 59. g4 Bd5 60. Re7) 55... Rd1 $2 (55... Bd7 $18) 56. Kf4 {White mates.} Re1 57. g4 {[%cal Bg3g4,Bg4g5][%mdl 32]} Rf1+ 58. Ke5 Re1+ 59. Kd6 Rh1 60. Rg7 {[%csl Ge6][%cal Rg7g8]} Rh8 61. g5 {Weighted Error Value: White=0.56/Black=0.62} 1-0

[Event "MPL 47th National Women Chess-ch 2022"]
[Site "Odisha"]
[Date "2022.03.02"]
[Round "9.9"]
[White "Kulkarni Bhakti"]
[Black "Nimmy, A.G."]
[Result "1-0"]
[WhiteElo "2388"]
[BlackElo "2110"]
[Annotator "TA"]
[PlyCount "101"]
[EventDate "2022.02.25"]
[EventCountry "IND"]
[SourceTitle "playchess.com"]
[Source "ChessBase"]
[SourceQuality "1"]

{[%evp 23,101,-8,-13,-18,-22,-15,0,0,0,0,43,43,36,52,45,40,48,49,49,29,37,33,33,32,30,26,51,29,45,24,27,24,24,24,24,24,24,24,24,24,24,24,24,24,24,24,82,80,83,74,768,906,987,142,5289,5065,5894,5894,5277,5437,5057,4643,29980,29981,29980,29981,29983,29984,29984,29985,29985,29986,29987,29988,29988,29988,29988,29989,29988,29989]} 1. e4 c5 2. c3 d5 3. exd5 Qxd5 4. d4 Nf6 5. Nf3 Bg4 6. Be2 e6 7. h3 Bh5 8. O-O Nc6 9. Be3 cxd4 10. cxd4 Be7 11. Nc3 Qd6 12. Qd2 O-O 13. Bf4 {B22: Sicilian: 2 c3.} Qd8 14. Rfd1 Rc8 {[#]} 15. d5 $146 {The position is equal.} ({Predecessor:} 15. Rac1 Bg6 16. Ne5 Nxe5 17. Bxe5 Ne4 18. Qe3 Nxc3 19. Rxc3 Qa5 20. d5 exd5 21. Bf3 {1-0 (39) Jerez Perez,A (2355)-Lopez Martinez,J Barcelona 1995}) 15... exd5 16. Nxd5 Nxd5 (16... Bc5 $11 {is superior.}) 17. Qxd5 $14 Qxd5 18. Rxd5 Bxf3 19. Bxf3 Bf6 20. Rad1 Rfd8 21. Rxd8+ Rxd8 22. Rxd8+ Nxd8 {[%mdl 4096] Endgame KBB-KBN} 23. b3 Bd4 24. Kf1 b6 25. Bd5 Ne6 26. Bd6 Bc5 27. Bb8 {And now Bxe6 would win. This bishop pair is nice.} a5 28. Ke2 Kf8 29. Bxe6 fxe6 $11 {KB-KB} 30. f3 {Threatens to win with Kd3.} Ke7 31. Kd3 Bd6 32. Ba7 {Kc4 is the strong threat.} Bc5 $1 33. Ke4 Kd7 {aiming for ...Kc8.} 34. Bb8 Bd6 (34... Bf8 $11 {keeps the balance.}) 35. Bxd6 $16 Kxd6 {KP-KP} 36. f4 $1 {Black must now prevent g4.} b5 $2 {[%mdl 8192] [#]} (36... h5 $16) 37. Kd4 $1 $18 Kc6 38. a3 $2 (38. h4 $18 Kd6 39. h5) 38... Kd6 $2 {[%mdl 8192] [#] This costs Black the game.} (38... h5 $16) 39. g4 $1 Kc6 40. Ke5 Kd7 41. h4 Ke7 42. h5 g6 43. hxg6 {White mates.} hxg6 44. g5 a4 45. b4 Kd7 46. Kf6 Kd6 47. Kxg6 Kd5 48. Kf6 Kc4 49. g6 Kb3 50. g7 Kxa3 51. g8=Q {Weighted Error Value: White=0.29 (precise) /Black=0.32} 1-0